|
|
|
|
| LEADER |
00631cam a2200169 7i4500 |
| 001 |
0000022614 |
| 005 |
20090422090000.0 |
| 090 |
0 |
0 |
|a M 382.0730595
|b AME
|
| 110 |
2 |
0 |
|a American Malaysian Chamber of Commerce(AMCHAM)
|
| 245 |
2 |
0 |
|a 2008/09 AMCHAM Malaysia membership directory.
|
| 260 |
0 |
0 |
|a Kuala Lumpur:
|b AMCHAM,
|c 2008.
|
| 300 |
# |
# |
|a 148 p.
|
| 650 |
0 |
0 |
|a United States of America --
|x Business --
|x Directories --
|z Malaysia
|
| 650 |
0 |
0 |
|a Malaysia --
|x Business --
|x Directories --
|z United States of America
|
| 651 |
0 |
0 |
|a United States of America
|
| 651 |
0 |
0 |
|a Malaysia
|
| 999 |
|
|
|a 0000023758
|b Directories
|c Malaysia
|e Business Information Centre
|